[Event "DVM U16 2022"]
[Site "Darmstadt GER"]
[Date "2022.12.30"]
[Round "7"]
[White "Ermitsch, Magnus"]
[Black "Uhlmann, Tim"]
[Result "1-0"]
[Termination "normal"]
[Board "1.1"]
[WhiteTitle "FM"]
[WhiteElo "2215"]
[BlackElo "1745"]
[WhiteClock "00:20:07"]
[BlackClock "00:04:53"]
[WhiteTeam "SC Borussia Lichtenberg"]
[BlackTeam "SF Neureut 1953 e.V."]
[PlyCount "65"]
[WhiteFideId "16234464"]
[BlackFideId "16239210"]
[EventCountry "GER"]
[EventRounds "7"]
[EventType "team-swiss"]
[EventDate "2022.12.26"]

1. e4 {[%clk 1:30:48]} c5 {[%clk 1:30:38]} 2. Nf3 {[%clk 1:31:06]} Nc6 {[%clk
1:31:03]} 3. d4 {[%clk 1:31:26]} cxd4 {[%clk 1:31:29]} 4. Nxd4 {[%clk 1:31:49]}
e5 {[%clk 1:31:55]} 5. Nb5 {[%clk 1:31:26]} a6 {[%clk 1:31:08]} 6. Nd6 Bxd6
{[%clk 1:30:31]} 7. Qxd6 {[%clk 1:30:46]} Qf6 {[%clk 1:28:46]} 8. Qd1 {[%clk
1:30:08]} Qg6 {[%clk 1:27:10]} 9. Nc3 {[%clk 1:22:35]} d5 {[%clk 1:23:54]} 10.
Nxd5 {[%clk 1:08:43]} Qxe4 {[%clk 1:24:14]} 11. Ne3 {[%clk 1:00:01]} Nf6 {[%clk
1:09:26]} 12. Bd3 {[%clk 0:57:41]} Qh4 {[%clk 1:08:22]} 13. c3 {[%clk 0:50:21]}
Ng4 {[%clk 1:02:39]} 14. Nxg4 {[%clk 0:45:54]} Bxg4 {[%clk 0:59:22]} 15. Qa4
{[%clk 0:45:59]} Qh5 {[%clk 0:53:16]} 16. h3 {[%clk 0:42:31]} Bd7 {[%clk
0:51:51]} 17. O-O {[%clk 0:42:24]} O-O {[%clk 0:49:22]} 18. Be3 {[%clk
0:41:27]} f5 {[%clk 0:45:50]} 19. Qb3 {[%clk 0:38:01]} Kh8 {[%clk 0:44:03]} 20.
Qxb7 {[%clk 0:37:08]} Qf7 {[%clk 0:43:27]} 21. Rad1 {[%clk 0:32:35]} Rab8
{[%clk 0:31:27]} 22. Qxa6 {[%clk 0:30:20]} f4 {[%clk 0:30:18]} 23. Bc5 {[%clk
0:25:01]} f3 {[%clk 0:29:52]} 24. Be4 {[%clk 0:23:27]} Qf4 {[%clk 0:18:25]} 25.
Bxf3 {[%clk 0:22:48]} e4 {[%clk 0:17:58]} 26. Bxe4 {[%clk 0:22:53]} Qxe4 {[%clk
0:17:12]} 27. Rxd7 {[%clk 0:22:23]} Rf5 {[%clk 0:09:00]} 28. Bd6 {[%clk
0:19:29]} Re8 {[%clk 0:06:14]} 29. Qb7 {[%clk 0:18:57]} Rg5 {[%clk 0:06:08]}
30. Bg3 {[%clk 0:19:20]} Rb8 {[%clk 0:04:21]} 31. Qxb8 {[%clk 0:19:42]} Nxb8
{[%clk 0:04:33]} 32. Rd8 {[%clk 0:20:07]} Qe8 {[%clk 0:04:53]} 33. Rxe8# 1-0

[Event "DVM U16 2022"]
[Site "Darmstadt GER"]
[Date "2022.12.30"]
[Round "7"]
[White "Scheinmaier, Mark"]
[Black "Klühs, Gustaf"]
[Result "1/2-1/2"]
[Termination "normal"]
[Board "1.2"]
[WhiteElo "1557"]
[BlackElo "1858"]
[WhiteClock "00:46:16"]
[BlackClock "00:54:57"]
[WhiteTeam "SF Neureut 1953 e.V."]
[BlackTeam "SC Borussia Lichtenberg"]
[PlyCount "49"]
[WhiteFideId "16238958"]
[BlackFideId "16228936"]
[EventCountry "GER"]
[EventRounds "7"]
[EventType "team-swiss"]
[EventDate "2022.12.26"]

1. d4 {[%clk 1:30:57]} Nf6 {[%clk 1:30:54]} 2. c4 {[%clk 1:31:13]} e6 {[%clk
1:30:57]} 3. Nc3 {[%clk 1:31:34]} d5 {[%clk 1:31:11]} 4. cxd5 {[%clk 1:31:57]}
exd5 {[%clk 1:31:38]} 5. Nf3 {[%clk 1:31:56]} c6 {[%clk 1:31:57]} 6. Bf4 {[%clk
1:32:05]} Bd6 {[%clk 1:32:22]} 7. Bxd6 {[%clk 1:32:21]} Qxd6 {[%clk 1:32:48]}
8. e3 {[%clk 1:32:40]} O-O {[%clk 1:33:12]} 9. Bd3 {[%clk 1:32:49]} Re8 {[%clk
1:33:05]} 10. Qc2 {[%clk 1:31:08]} Nbd7 {[%clk 1:32:48]} 11. h3 {[%clk
1:29:36]} Nf8 {[%clk 1:32:56]} 12. O-O {[%clk 1:23:16]} g6 {[%clk 1:27:32]} 13.
Rac1 {[%clk 1:21:07]} Ne6 {[%clk 1:24:15]} 14. Rfd1 {[%clk 1:17:54]} Qe7 {[%clk
1:23:02]} 15. Na4 {[%clk 1:11:49]} Ng7 {[%clk 1:22:14]} 16. Nc5 {[%clk
1:11:18]} Bf5 {[%clk 1:22:21]} 17. Bxf5 {[%clk 1:10:17]} Nxf5 {[%clk 1:22:44]}
18. Rd3 {[%clk 1:10:12]} Ne4 {[%clk 1:20:36]} 19. Rb3 {[%clk 1:09:58]} Nfd6
{[%clk 1:19:47]} 20. Nd2 {[%clk 1:04:25]} Nxd2 {[%clk 1:20:05]} 21. Qxd2 {[%clk
1:04:32]} Kg7 {[%clk 1:18:07]} 22. Qe2 {[%clk 0:53:12]} h5 {[%clk 1:15:19]} 23.
Qf3 {[%clk 0:50:40]} Rac8 {[%clk 1:00:42]} 24. Rbc3 {[%clk 0:47:50]} Qf6 {[%clk
0:54:57]} 25. Qxf6 {[%clk 0:46:16]} 1/2-1/2

[Event "DVM U16 2022"]
[Site "Darmstadt GER"]
[Date "2022.12.30"]
[Round "7"]
[White "Zobel, Christian"]
[Black "Sanmugalingam, Kapirththan"]
[Result "1/2-1/2"]
[Termination "normal"]
[Board "1.3"]
[WhiteElo "1575"]
[BlackElo "1693"]
[WhiteClock "00:26:29"]
[BlackClock "00:39:46"]
[WhiteTeam "SC Borussia Lichtenberg"]
[BlackTeam "SF Neureut 1953 e.V."]
[PlyCount "42"]
[WhiteFideId "16259068"]
[BlackFideId "34622950"]
[EventCountry "GER"]
[EventRounds "7"]
[EventType "team-swiss"]
[EventDate "2022.12.26"]

1. e4 {[%clk 1:30:57]} c5 {[%clk 1:30:21]} 2. Nf3 {[%clk 1:31:20]} d6 {[%clk
1:30:22]} 3. d4 {[%clk 1:30:23]} cxd4 {[%clk 1:30:34]} 4. Nxd4 {[%clk 1:30:47]}
Nc6 {[%clk 1:30:27]} 5. c4 {[%clk 1:31:09]} Nf6 {[%clk 1:29:24]} 6. Nc3 {[%clk
1:30:58]} g6 {[%clk 1:29:03]} 7. Be2 {[%clk 1:31:13]} Bg7 {[%clk 1:29:02]} 8.
Be3 {[%clk 1:31:28]} Bd7 {[%clk 1:28:52]} 9. f3 {[%clk 1:27:24]} Rc8 {[%clk
1:23:49]} 10. O-O {[%clk 1:22:52]} O-O {[%clk 1:23:32]} 11. Qd2 {[%clk
1:16:44]} a6 {[%clk 1:16:08]} 12. Rac1 {[%clk 1:06:00]} Nxd4 {[%clk 1:12:09]}
13. Bxd4 {[%clk 1:00:19]} Be6 {[%clk 1:10:02]} 14. Nd5 {[%clk 0:54:49]} Nxd5
{[%clk 0:59:52]} 15. cxd5 {[%clk 0:53:07]} Bxd4 {[%clk 0:55:33]} 16. Qxd4
{[%clk 0:53:32]} Bd7 {[%clk 0:55:48]} 17. e5 {[%clk 0:33:15]} dxe5 {[%clk
0:50:09]} 18. Qxe5 {[%clk 0:33:14]} Qb6 {[%clk 0:49:12]} 19. Kh1 {[%clk
0:33:36]} Rxc1 {[%clk 0:42:40]} 20. Rxc1 {[%clk 0:33:39]} Qd6 {[%clk 0:41:28]}
21. f4 {[%clk 0:26:29]} Rc8 {[%clk 0:39:46]} 1/2-1/2

[Event "DVM U16 2022"]
[Site "Darmstadt GER"]
[Date "2022.12.30"]
[Round "7"]
[White "Tang, Shunjie Roger"]
[Black "Orlowski, Arthur"]
[Result "0-1"]
[Termination "normal"]
[Board "1.4"]
[WhiteElo "1217"]
[BlackElo "1764"]
[WhiteClock "00:01:24"]
[BlackClock "00:20:41"]
[WhiteTeam "SF Neureut 1953 e.V."]
[BlackTeam "SC Borussia Lichtenberg"]
[PlyCount "58"]
[WhiteFideId "16298004"]
[BlackFideId "34640177"]
[EventCountry "GER"]
[EventRounds "7"]
[EventType "team-swiss"]
[EventDate "2022.12.26"]

1. d4 {[%clk 1:30:49]} Nf6 {[%clk 1:30:58]} 2. Nf3 {[%clk 1:30:50]} d5 {[%clk
1:31:25]} 3. Bf4 {[%clk 1:29:51]} e6 {[%clk 1:31:46]} 4. e3 {[%clk 1:29:36]} c5
{[%clk 1:32:04]} 5. c4 {[%clk 1:28:33]} Nc6 {[%clk 1:31:12]} 6. Nc3 {[%clk
1:27:45]} a6 {[%clk 1:30:07]} 7. a4 {[%clk 1:25:47]} Be7 {[%clk 1:21:30]} 8.
Be2 {[%clk 1:21:05]} O-O {[%clk 1:18:21]} 9. O-O {[%clk 1:20:28]} b6 {[%clk
1:13:44]} 10. b3 {[%clk 1:12:04]} Bb7 {[%clk 1:12:07]} 11. Rc1 {[%clk 1:08:49]}
Rc8 {[%clk 1:09:57]} 12. Ne5 {[%clk 1:01:38]} dxc4 {[%clk 1:02:30]} 13. Bxc4
{[%clk 0:56:02]} Na5 {[%clk 0:48:16]} 14. Be2 {[%clk 0:51:25]} cxd4 {[%clk
0:42:57]} 15. exd4 {[%clk 0:48:38]} Nd5 {[%clk 0:41:49]} 16. Bd2 {[%clk
0:40:59]} Ba3 {[%clk 0:36:13]} 17. Rc2 {[%clk 0:29:53]} Nb4 {[%clk 0:33:46]}
18. Bd3 {[%clk 0:20:57]} Qxd4 {[%clk 0:31:27]} 19. Nb1 {[%clk 0:13:47]} Qxe5
{[%clk 0:27:08]} 20. Bc3 {[%clk 0:11:25]} Qg5 {[%clk 0:24:30]} 21. f3 {[%clk
0:07:35]} Nxc2 {[%clk 0:23:24]} 22. Qxc2 {[%clk 0:07:06]} Bb4 {[%clk 0:22:42]}
23. Kh1 {[%clk 0:03:15]} Qc5 {[%clk 0:20:07]} 24. Rc1 {[%clk 0:02:40]} Bxc3
{[%clk 0:20:20]} 25. Nxc3 {[%clk 0:02:04]} Rc7 {[%clk 0:19:40]} 26. Ne4 {[%clk
0:01:52]} Qxc2 {[%clk 0:19:46]} 27. Rxc2 {[%clk 0:01:43]} Rxc2 {[%clk 0:20:07]}
28. Bxc2 {[%clk 0:02:10]} Rc8 {[%clk 0:20:25]} 29. Bd1 {[%clk 0:01:24]} Bxe4
{[%clk 0:20:41]} 0-1

[Event "DVM U16 2022"]
[Site "Darmstadt GER"]
[Date "2022.12.30"]
[Round "7"]
[White "Fuhrmann, Bahne"]
[Black "Bungarten, Jona"]
[Result "0-1"]
[Termination "normal"]
[Board "2.1"]
[WhiteElo "2042"]
[BlackElo "2151"]
[WhiteClock "00:23:22"]
[BlackClock "00:15:31"]
[WhiteTeam "Hamburger SK von 1830 eV"]
[BlackTeam "Schachfreunde Brackel 1930 e. V."]
[PlyCount "102"]
[WhiteFideId "16244842"]
[BlackFideId "16223608"]
[EventCountry "GER"]
[EventRounds "7"]
[EventType "team-swiss"]
[EventDate "2022.12.26"]

1. d4 {[%clk 1:30:58]} d5 {[%clk 1:30:53]} 2. c4 {[%clk 1:31:24]} e6 {[%clk
1:31:12]} 3. Nf3 {[%clk 1:31:50]} Nf6 {[%clk 1:31:32]} 4. g3 {[%clk 1:32:15]}
dxc4 {[%clk 1:30:46]} 5. Bg2 {[%clk 1:32:35]} Nbd7 {[%clk 1:29:05]} 6. O-O
{[%clk 1:30:43]} c5 {[%clk 1:22:35]} 7. dxc5 {[%clk 1:28:12]} Bxc5 {[%clk
1:22:28]} 8. Nbd2 {[%clk 1:27:20]} c3 {[%clk 1:17:08]} 9. bxc3 {[%clk 1:27:16]}
O-O {[%clk 1:17:25]} 10. Nb3 {[%clk 1:27:26]} Be7 {[%clk 1:16:23]} 11. Bf4
{[%clk 1:22:25]} Nd5 {[%clk 1:14:03]} 12. Bd2 {[%clk 1:18:24]} N7b6 {[%clk
1:05:51]} 13. e4 {[%clk 1:08:37]} Nf6 {[%clk 1:05:36]} 14. Qe2 {[%clk 1:08:53]}
Qc7 {[%clk 1:04:37]} 15. Bf4 {[%clk 1:02:54]} Qxc3 {[%clk 1:01:13]} 16. Rac1
{[%clk 1:03:10]} Qb4 {[%clk 1:01:32]} 17. Bg5 {[%clk 1:03:21]} Bd7 {[%clk
0:55:46]} 18. Bxf6 {[%clk 1:02:20]} Bxf6 {[%clk 0:54:57]} 19. Rfd1 {[%clk
0:57:56]} Bb5 {[%clk 0:50:11]} 20. Qe3 {[%clk 0:57:59]} Nc4 {[%clk 0:50:26]}
21. Qc5 {[%clk 0:48:33]} Qxc5 {[%clk 0:39:54]} 22. Nxc5 {[%clk 0:48:57]} Rac8
{[%clk 0:30:29]} 23. Nd7 {[%clk 0:37:52]} Rfd8 {[%clk 0:29:12]} 24. Nxf6 {[%clk
0:38:00]} gxf6 {[%clk 0:29:38]} 25. Rd4 {[%clk 0:33:52]} Ne5 {[%clk 0:27:55]}
26. Rxd8 {[%clk 0:31:18]} Rxd8 {[%clk 0:28:20]} 27. Ne1 {[%clk 0:27:20]} Rd2
{[%clk 0:26:17]} 28. a3 {[%clk 0:25:08]} Ra2 {[%clk 0:22:06]} 29. Rb1 {[%clk
0:24:19]} a6 {[%clk 0:17:59]} 30. f4 {[%clk 0:21:44]} Nc4 {[%clk 0:17:20]} 31.
e5 {[%clk 0:21:10]} fxe5 {[%clk 0:15:58]} 32. fxe5 {[%clk 0:21:26]} b6 {[%clk
0:14:07]} 33. Rd1 {[%clk 0:19:00]} Nxe5 {[%clk 0:14:16]} 34. Rd8 {[%clk
0:18:45]} Kg7 {[%clk 0:14:38]} 35. Rb8 {[%clk 0:19:08]} Ra1 {[%clk 0:14:20]}
36. Kf2 {[%clk 0:19:29]} Ng4 {[%clk 0:14:43]} 37. Kf3 {[%clk 0:19:46]} Nxh2
{[%clk 0:15:07]} 38. Kf2 {[%clk 0:20:04]} Ng4 {[%clk 0:15:27]} 39. Kf3 {[%clk
0:20:29]} Ne5 {[%clk 0:15:36]} 40. Kf2 {[%clk 0:20:52]} Nc4 {[%clk 0:15:22]}
41. Nf3 {[%clk 0:20:21]} Ra2 {[%clk 0:13:53]} 42. Kg1 {[%clk 0:20:45]} Bc6
{[%clk 0:13:35]} 43. Nh4 {[%clk 0:20:47]} Bxg2 {[%clk 0:13:51]} 44. Nxg2 {[%clk
0:21:12]} Rxa3 {[%clk 0:14:15]} 45. Kf2 {[%clk 0:21:35]} Ra2 {[%clk 0:14:33]}
46. Kf1 {[%clk 0:21:54]} b5 {[%clk 0:14:51]} 47. Nf4 {[%clk 0:22:16]} Ne3
{[%clk 0:14:50]} 48. Kg1 {[%clk 0:22:39]} Nd5 {[%clk 0:15:05]} 49. Nh5 {[%clk
0:22:57]} Kh6 {[%clk 0:15:24]} 50. g4 {[%clk 0:23:23]} Ne3 {[%clk 0:15:11]} 51.
Nf6 {[%clk 0:23:22]} Kg5 {[%clk 0:15:31]} 0-1

[Event "DVM U16 2022"]
[Site "Darmstadt GER"]
[Date "2022.12.30"]
[Round "7"]
[White "Tomasjan, Samuel"]
[Black "Kort, Felix"]
[Result "1/2-1/2"]
[Termination "normal"]
[Board "2.2"]
[WhiteElo "1796"]
[BlackElo "1932"]
[WhiteClock "00:00:44"]
[BlackClock "00:01:28"]
[WhiteTeam "Schachfreunde Brackel 1930 e. V."]
[BlackTeam "Hamburger SK von 1830 eV"]
[PlyCount "78"]
[WhiteFideId "16235584"]
[BlackFideId "16220129"]
[EventCountry "GER"]
[EventRounds "7"]
[EventType "team-swiss"]
[EventDate "2022.12.26"]

1. e4 {[%clk 1:30:57]} e5 {[%clk 1:30:55]} 2. Nf3 {[%clk 1:31:22]} Nc6 {[%clk
1:31:21]} 3. Bc4 {[%clk 1:31:45]} Bc5 {[%clk 1:31:45]} 4. Nc3 {[%clk 1:32:02]}
Nf6 {[%clk 1:31:36]} 5. d3 {[%clk 1:32:12]} h6 {[%clk 1:31:56]} 6. Be3 {[%clk
1:30:16]} Bxe3 {[%clk 1:31:50]} 7. fxe3 {[%clk 1:30:38]} d6 {[%clk 1:31:33]} 8.
O-O {[%clk 1:28:35]} O-O {[%clk 1:26:31]} 9. Qe1 {[%clk 1:17:49]} Na5 {[%clk
1:15:11]} 10. Bb3 {[%clk 1:14:45]} Nxb3 {[%clk 1:14:34]} 11. axb3 {[%clk
1:15:08]} c6 {[%clk 1:03:51]} 12. Rd1 {[%clk 0:58:48]} Qe7 {[%clk 1:00:03]} 13.
Nh4 {[%clk 0:53:17]} d5 {[%clk 0:47:17]} 14. exd5 {[%clk 0:44:33]} Nxd5 {[%clk
0:43:26]} 15. Qg3 {[%clk 0:39:56]} Qg5 {[%clk 0:35:27]} 16. Nxd5 {[%clk
0:34:57]} cxd5 {[%clk 0:35:29]} 17. Qf2 {[%clk 0:29:43]} Bg4 {[%clk 0:31:56]}
18. Rd2 {[%clk 0:20:50]} Rac8 {[%clk 0:22:32]} 19. c4 {[%clk 0:16:47]} d4
{[%clk 0:16:23]} 20. exd4 {[%clk 0:16:25]} exd4 {[%clk 0:16:52]} 21. h3 {[%clk
0:12:39]} Bxh3 {[%clk 0:11:56]} 22. Nf3 {[%clk 0:12:54]} Qg6 {[%clk 0:11:48]}
23. Qxd4 {[%clk 0:11:43]} Rcd8 {[%clk 0:05:08]} 24. Qf2 {[%clk 0:10:26]} a6
{[%clk 0:03:26]} 25. d4 {[%clk 0:10:28]} Bg4 {[%clk 0:01:38]} 26. Ne5 {[%clk
0:05:48]} Qh5 {[%clk 0:01:29]} 27. Qf4 {[%clk 0:04:46]} Bc8 {[%clk 0:01:22]}
28. d5 {[%clk 0:03:59]} f6 {[%clk 0:01:15]} 29. Nf3 {[%clk 0:03:53]} Rfe8
{[%clk 0:01:36]} 30. Rfd1 {[%clk 0:03:11]} Bg4 {[%clk 0:01:44]} 31. Rd3 {[%clk
0:02:20]} Bxf3 {[%clk 0:01:51]} 32. Rxf3 {[%clk 0:02:32]} Qe5 {[%clk 0:01:29]}
33. Qd2 {[%clk 0:02:23]} Kf7 {[%clk 0:01:34]} 34. Rff1 {[%clk 0:02:18]} Qe3
{[%clk 0:01:24]} 35. Qxe3 {[%clk 0:01:34]} Rxe3 {[%clk 0:01:53]} 36. Rf3 {[%clk
0:01:26]} Re2 {[%clk 0:00:42]} 37. Rf2 {[%clk 0:01:17]} Re3 {[%clk 0:01:00]}
38. Rf3 {[%clk 0:01:15]} Re2 {[%clk 0:01:28]} 39. Rf2 {[%clk 0:00:44]} Re3
1/2-1/2

[Event "DVM U16 2022"]
[Site "Darmstadt GER"]
[Date "2022.12.30"]
[Round "7"]
[White "Römer, Alois"]
[Black "Malchereck, Zion"]
[Result "0-1"]
[Termination "normal"]
[Board "2.4"]
[WhiteElo "1692"]
[BlackElo "1726"]
[WhiteClock "00:33:59"]
[BlackClock "00:17:07"]
[WhiteTeam "Schachfreunde Brackel 1930 e. V."]
[BlackTeam "Hamburger SK von 1830 eV"]
[PlyCount "116"]
[WhiteFideId "16255607"]
[BlackFideId "16269233"]
[EventCountry "GER"]
[EventRounds "7"]
[EventType "team-swiss"]
[EventDate "2022.12.26"]

1. e4 {[%clk 1:30:57]} e5 {[%clk 1:30:48]} 2. Nf3 {[%clk 1:31:18]} Nc6 {[%clk
1:31:11]} 3. Bc4 {[%clk 1:31:43]} Bc5 {[%clk 1:31:30]} 4. c3 {[%clk 1:32:00]}
Nf6 {[%clk 1:31:50]} 5. d4 {[%clk 1:32:25]} exd4 {[%clk 1:32:10]} 6. cxd4
{[%clk 1:32:49]} Bb4 {[%clk 1:31:51]} 7. Bd2 {[%clk 1:29:13]} Nxe4 {[%clk
1:30:17]} 8. Bxb4 {[%clk 1:26:51]} Nxb4 {[%clk 1:30:15]} 9. Bxf7 {[%clk
1:26:04]} Kxf7 {[%clk 1:30:33]} 10. Qb3 {[%clk 1:26:28]} d5 {[%clk 1:30:44]}
11. Qxb4 {[%clk 1:15:15]} Rf8 {[%clk 1:21:42]} 12. Nc3 {[%clk 1:09:12]} Kg8
{[%clk 1:15:26]} 13. O-O {[%clk 1:04:21]} c5 {[%clk 0:49:13]} 14. dxc5 {[%clk
0:36:23]} Rxf3 {[%clk 0:46:58]} 15. Nxd5 {[%clk 0:23:04]} Qxd5 {[%clk 0:28:34]}
16. Rad1 {[%clk 0:23:12]} Rd3 {[%clk 0:28:16]} 17. Qb5 {[%clk 0:21:02]} Bd7
{[%clk 0:26:13]} 18. Rxd3 {[%clk 0:18:54]} Bxb5 {[%clk 0:25:07]} 19. Rxd5
{[%clk 0:19:19]} Bxf1 {[%clk 0:25:12]} 20. Kxf1 {[%clk 0:19:43]} Nf6 {[%clk
0:25:12]} 21. Rd2 {[%clk 0:19:07]} Kf7 {[%clk 0:25:23]} 22. f3 {[%clk 0:19:03]}
Rc8 {[%clk 0:25:44]} 23. b4 {[%clk 0:19:22]} a5 {[%clk 0:25:51]} 24. bxa5
{[%clk 0:18:01]} Rxc5 {[%clk 0:26:03]} 25. Rb2 {[%clk 0:18:27]} Rc7 {[%clk
0:24:18]} 26. Rb6 {[%clk 0:18:12]} Nd7 {[%clk 0:23:59]} 27. Rb5 {[%clk
0:18:06]} Ke6 {[%clk 0:23:00]} 28. Ke2 {[%clk 0:17:01]} Nc5 {[%clk 0:12:42]}
29. Ke3 {[%clk 0:15:35]} Kd5 {[%clk 0:12:48]} 30. a3 {[%clk 0:14:39]} Rc6
{[%clk 0:10:00]} 31. h4 {[%clk 0:13:30]} Ra6 {[%clk 0:09:23]} 32. a4 {[%clk
0:09:22]} Kc4 {[%clk 0:07:16]} 33. g4 {[%clk 0:08:37]} Re6 {[%clk 0:05:58]} 34.
Kf4 {[%clk 0:08:20]} Re7 {[%clk 0:05:29]} 35. g5 {[%clk 0:07:40]} Nxa4 {[%clk
0:05:26]} 36. Rb1 {[%clk 0:07:43]} Nc5 {[%clk 0:05:10]} 37. h5 {[%clk 0:07:43]}
Nb3 {[%clk 0:04:30]} 38. g6 {[%clk 0:07:35]} hxg6 {[%clk 0:04:22]} 39. hxg6
{[%clk 0:07:58]} Nxa5 {[%clk 0:04:43]} 40. Kg5 {[%clk 0:08:02]} b5 {[%clk
0:04:33]} 41. f4 {[%clk 0:08:23]} Nc6 {[%clk 0:24:31]} 42. f5 {[%clk 0:37:10]}
Nd4 {[%clk 0:19:25]} 43. Ra1 {[%clk 0:34:46]} b4 {[%clk 0:17:30]} 44. Ra5
{[%clk 0:33:49]} b3 {[%clk 0:17:05]} 45. f6 {[%clk 0:34:00]} gxf6 {[%clk
0:16:25]} 46. Kxf6 {[%clk 0:34:24]} Re6 {[%clk 0:16:41]} 47. Kf7 {[%clk
0:34:38]} Rxg6 {[%clk 0:16:56]} 48. Kxg6 {[%clk 0:34:35]} b2 {[%clk 0:17:14]}
49. Ra4 {[%clk 0:33:41]} Kc3 {[%clk 0:17:06]} 50. Ra3 {[%clk 0:33:47]} Nb3
{[%clk 0:17:25]} 51. Ra4 {[%clk 0:33:24]} b1=Q {[%clk 0:17:38]} 52. Kg5 {[%clk
0:33:21]} Qg1 {[%clk 0:17:50]} 53. Rg4 {[%clk 0:33:41]} Qe3 {[%clk 0:17:49]}
54. Kh4 {[%clk 0:33:53]} Qh6 {[%clk 0:18:05]} 55. Kg3 {[%clk 0:34:14]} Nd4
{[%clk 0:18:15]} 56. Kf2 {[%clk 0:34:03]} Kd3 {[%clk 0:17:25]} 57. Kg3 {[%clk
0:34:04]} Ke3 {[%clk 0:17:24]} 58. Kg2 {[%clk 0:33:59]} Nf3 {[%clk 0:17:07]}
0-1

[Event "DVM U16 2022"]
[Site "Darmstadt GER"]
[Date "2022.12.30"]
[Round "7"]
[White "Yin, Haode"]
[Black "Englert, Luca"]
[Result "0-1"]
[Termination "normal"]
[Board "3.1"]
[WhiteElo "1931"]
[BlackElo "1967"]
[WhiteTeam "SchachAkademiePaderborn e. V."]
[BlackTeam "VfB Schach Leipzig e.V."]
[PlyCount "56"]
[WhiteFideId "16261348"]
[BlackFideId "16293088"]
[EventCountry "GER"]
[EventRounds "7"]
[EventType "team-swiss"]
[EventDate "2022.12.26"]

1. d4 d5 2. c4 c6 3. Nf3 Nf6 4. e3 e6 5. Nbd2 Nbd7 6. Bd3 Bd6 7. O-O O-O 8. e4
dxe4 9. Nxe4 Nxe4 10. Bxe4 e5 11. Bc2 exd4 12. Qd3 g6 13. Bh6 c5 14. Bxf8 Kxf8
15. Rfe1 Qc7 16. Ba4 Nf6 17. h3 Bf5 18. Qd1 Rd8 19. g4 Be6 20. Qd3 Bc8 21. Ng5
b6 22. Ne4 Nxe4 23. Rxe4 Bb7 24. Re2 Bh2 25. Kf1 Qf4 26. f3 Bg3 27. Kg2 Bh4 28.
Kg1 Bxf3 0-1

[Event "DVM U16 2022"]
[Site "Darmstadt GER"]
[Date "2022.12.30"]
[Round "7"]
[White "Schön, Florian"]
[Black "Rohm, Linus"]
[Result "1/2-1/2"]
[Termination "normal"]
[Board "3.2"]
[WhiteElo "1730"]
[BlackElo "1854"]
[WhiteClock "00:05:07"]
[BlackClock "00:12:50"]
[WhiteTeam "VfB Schach Leipzig e.V."]
[BlackTeam "SchachAkademiePaderborn e. V."]
[PlyCount "58"]
[WhiteFideId "16259394"]
[BlackFideId "16298217"]
[EventCountry "GER"]
[EventRounds "7"]
[EventType "team-swiss"]
[EventDate "2022.12.26"]

1. e4 {[%clk 1:30:59]} e6 {[%clk 1:30:36]} 2. d4 {[%clk 1:31:23]} d5 {[%clk
1:31:01]} 3. Nc3 {[%clk 1:31:49]} Bb4 {[%clk 1:30:56]} 4. exd5 {[%clk 1:32:03]}
exd5 {[%clk 1:31:01]} 5. Bd3 {[%clk 1:32:24]} Nf6 {[%clk 1:30:50]} 6. a3 {[%clk
1:27:27]} Be7 {[%clk 1:28:44]} 7. Nce2 {[%clk 1:21:21]} O-O {[%clk 1:27:09]} 8.
Nf3 {[%clk 1:19:24]} Nbd7 {[%clk 1:23:50]} 9. Ng3 {[%clk 1:18:27]} Re8 {[%clk
1:23:28]} 10. O-O {[%clk 1:18:51]} Nf8 {[%clk 1:20:12]} 11. Ne5 {[%clk
1:15:06]} Bd6 {[%clk 1:16:14]} 12. Re1 {[%clk 1:09:07]} Ng6 {[%clk 1:11:43]}
13. f4 {[%clk 1:06:43]} c5 {[%clk 1:10:28]} 14. c3 {[%clk 1:05:31]} cxd4 {[%clk
1:09:34]} 15. cxd4 {[%clk 1:05:58]} Qb6 {[%clk 1:07:26]} 16. Bxg6 {[%clk
1:03:14]} hxg6 {[%clk 1:04:19]} 17. Qd3 {[%clk 1:01:30]} Ng4 {[%clk 0:59:51]}
18. Be3 {[%clk 1:00:05]} Nxe3 {[%clk 0:57:16]} 19. Rxe3 {[%clk 1:00:10]} Be6
{[%clk 0:53:43]} 20. Rae1 {[%clk 0:53:56]} Bc7 {[%clk 0:41:34]} 21. h4 {[%clk
0:43:59]} Bxe5 {[%clk 0:36:56]} 22. Rxe5 {[%clk 0:29:36]} Bd7 {[%clk 0:37:24]}
23. Qd2 {[%clk 0:24:26]} Qf6 {[%clk 0:28:23]} 24. h5 {[%clk 0:22:09]} Rac8
{[%clk 0:25:37]} 25. R1e2 {[%clk 0:12:48]} Rxe5 {[%clk 0:21:06]} 26. Rxe5
{[%clk 0:12:14]} Qh4 {[%clk 0:20:03]} 27. Qe3 {[%clk 0:08:52]} Rc2 {[%clk
0:18:11]} 28. Rg5 {[%clk 0:06:25]} Rxb2 {[%clk 0:13:43]} 29. hxg6 {[%clk
0:05:07]} Rb1 {[%clk 0:12:50]} 1/2-1/2